| 000 | 02283nam a2200505Ii 4500 | ||
|---|---|---|---|
| 001 | DIGXIAGT070 | ||
| 003 | NyNyDIG | ||
| 008 | 140901s2014 sp o 000 0 spa d | ||
| 006 | m o d | ||
| 007 | cr ||||||||||| | ||
| 020 |
_a9788416072699 _q(eBook) |
||
| 020 |
_z9788415472353 _q(Galaxia Gutenberg) |
||
| 020 |
_z8415472358 _q(Galaxia Gutenberg) |
||
| 020 |
_z9788467252040 _q(Círculo de Lectores) |
||
| 020 |
_z8467252049 _q(Círculo de Lectores) |
||
| 035 | _a(OCoLC)893649498 | ||
| 040 |
_aDGITA _beng _erda _epn _cDGITA |
||
| 041 | 1 |
_aspa _hfre |
|
| 050 | 1 | 4 | _aB105.E78 eBook |
| 100 | 1 |
_aFlahault, François, _d1943- _eauthor. |
|
| 240 | 1 | 0 |
_aCrépuscule de Prométhée. _lSpanish |
| 245 | 1 | 3 |
_aEl crepúsculo de Prometeo : _bcontribución a una historia de la desmesura humana / _cFrançois Flahault ; traducción de Noemí Sobregués. |
| 250 | _aEdición en formato digital. | ||
| 264 | 1 |
_aBarcelona : _bGalaxia Gutenberg : _bCírculo de Lectores, _c2014. |
|
| 300 |
_a1 online resource (204 pages, 8 pages of plates) : _billustrations. |
||
| 336 |
_atext _btxt _2rdacontent |
||
| 337 |
_acomputer _bc _2rdamedia |
||
| 338 |
_aonline resource _bcr _2rdacarrier |
||
| 490 | 1 | _aSerie Ensayo | |
| 500 | _aTranslated from the French. Le crépuscule de Prométhée : contribution à une histoire de la démesure humaine. Paris : Mille et une nuits, 2008. | ||
| 504 | _aIncludes bibliographical references. | ||
| 588 | 0 | _aOnline resource; title from ePub and PDF title page (Digitalia, viewed August 10, 2014) | |
| 650 | 0 | _aExcess (Philosophy) | |
| 650 | 0 | _aPhilosophical anthropology. | |
| 650 | 0 |
_aEconomic development _xMoral and ethical aspects. |
|
| 655 | 0 | _aElectronic books. | |
| 700 | 1 |
_aSobregués, Noemí, _etranslator. |
|
| 791 | 2 |
_aDigitalia (Firm), _edistributor. |
|
| 793 | 0 |
_gDigitalia eBook Collection: _aGalaxia Gutenberg. |
|
| 776 | 0 | 8 |
_iPrint version: _aFlahault, François. _tCrepúsculo de Prometeo : contribución a una historia de la desmesura humana. _dBarcelona : Galaxia Gutenberg : Círculo de Lectores, 2013. _z9788415472353 |
| 830 | 0 | _aSerie Ensayo (Galaxia Gutenberg (Firm)). | |
| 856 | 4 | 0 |
_3Digitalia Hispánica _uhttps://www.digitaliapublishing.com/a/28771/ |
| 910 | _aPremium Collection: 2014 | ||
| 942 | _cRAA | ||
| 999 |
_c239339 _d239339 |
||